| 000 | 01061cam a2200241 i 4500 | ||
|---|---|---|---|
| 003 | SA-RiAUC | ||
| 005 | 20241107115331.0 | ||
| 008 | 241106s1994 su g 00000 ara c | ||
| 040 |
_aSA-JeALM _bara _cSA-RiAUC _erda |
||
| 082 | 0 | 4 | _a251 |
| 090 |
_a251 _bا ب ن ع |
||
| 100 | 1 |
_aابن عاصم، محمد بن محمد بن محمد (الأب)، _d760-829 هجري _eمؤلف. |
|
| 245 | 1 | 0 |
_aمرتقى الوصول إلى علم الأصول / _cمحمد بن محمد بن عاصم الأندلسي ؛ تحقيق محمد بن عمر سماعي الجزائري. |
| 264 | 1 |
_aبريدة، السعودية : _bدار البخاري للنشر والتوزيع، _c1994 |
|
| 300 |
_a156 صفحة ؛ _c16 سم |
||
| 336 |
_aنص _btxt _2rdacontent _3كتاب |
||
| 337 |
_aبدون وسيط _bn _2rdamedia |
||
| 338 |
_aمجلد _bnc _2rdacarrier |
||
| 650 | 7 |
_aأصول الفقه الإسلامي _2aucsh |
|
| 700 | 1 |
_aسماعي، أبو يوسف محمد بن عمر _eتحقيق. |
|
| 942 |
_2ddc _cBOOK _n0 |
||
| 949 |
_aSA-JeALM _d241106 _umohamedma123 _n1 |
||
| 999 |
_c2163 _d2163 |
||